000 00653nas a2200229 4500
001 BR9601253
003 BR-BrBNA
005 20231205095707.0
007 ta
008 230509b bl.|||p| |||| 00| 00por d
040 _aBR-BrBNA
_bpor
_cBiblioteca Nacional de Agricultura
041 _a(Pt)
072 _aE20
100 1 _aTagliari, P.S.
100 1 _aFranco, H.M.
245 1 _aTurismo rural: 52 safras por ano
650 _aTurismo
650 _aAdministracao Rural
773 0 _tAgropecuaria Catarinense (Brazil)
_xISSN 0103-0779
_g(Dec 1994), v. 7(4) p. 14-20
_wBR9601253
909 _a202311
_bLúcia
_c55
_dLúcia Elande
942 _2AGRIS
_n0
_cANA
999 _c152189
_d152189